[Event "45th Olympiad 2024"]
[Site "Budapest HUN"]
[Date "2024.09.15"]
[Round "5.17"]
[Board "3"]
[White "Stefansson, Hannes"]
[Black "Petrov, Martin"]
[Result "1/2-1/2"]
[WhiteElo "2471"]
[BlackElo "2536"]
[PlyCount "79"]
[EventDate "2024.09.11"]
[WhiteTeam "Iceland"]
[BlackTeam "Bulgaria"]
[WhiteTeamCountry "ISL"]
[BlackTeamCountry "BUL"]

1. e4 c5 2. Nf3 d6 3. d4 cxd4 4. Nxd4 Nf6 5. Nc3 a6 6. Be3 e5 7. Nf3 Be7 8. Bc4 Be6 9. Bb3 Nbd7 10. O-O Rc8 11. Ng5 ({RR} 11. Nh4 Nc5 12. Bxc5 Rxc5 13. Re1 Qd7 14. g3 O-O 15. Ng2 Bd8 16. Qd3 Ba5 17. Rad1 Rd8 18. Re3 Bxc3 19. bxc3 b5 20. Qe2 Qc6 21. Qe1 h6 22. f3 Rc8 23. Rdd3 Bc4 24. Bxc4 Rxc4 25. h4 a5 {0-1 Karjakin,S (2754)-Giri,A (2776) Bucharest Superbet rapid 2019 (3)}) 11... Bxb3 $146 ({RR} 11... Bc4 12. Bxc4 Rxc4 13. Qd3 Qc7 14. Nf3 O-O 15. Nd2 Rc6 16. Bg5 Rc8 17. Nd5 Qd8 18. Bxf6 Nxf6 19. Nxf6+ Bxf6 20. c3 {½-½ Ly,M (2481)-Cheng,B (2576) 20th BCC Open 2022 (4.1)}) ({RR} 11... Bc4 12. Bxc4 Rxc4 13. Qd3 Qc7 14. Nf3 O-O 15. Nd2 Rc6 16. a4 h6 17. Rfc1 Rc8 18. f3 Nb6 19. Kf1 d5 20. exd5 Rxc3 21. Qxc3 Qd7 22. Qxe5 Nbxd5 23. Bf2 Bd6 24. Qd4 Bc5 25. Qd3 Qc7 26. Bxc5 {½-½ Brunello,M (2345)-Bodnaruk,A (2340) Eva Moser Mem 2024 (1.2)}) ({RR} 11... Bc4 12. Bxc4 Rxc4 13. Qd3 Qc7 14. Nf3 O-O 15. Nd2 Rc6 16. Rfc1 Rc8 17. Bg5 b5 18. Bxf6 Nxf6 19. a3 Qb7 20. Nd5 Nxd5 21. Qxd5 R6c7 22. Qxb7 Rxb7 23. c4 Rbc7 24. Rc3 Bg5 25. Nf3 h6 26. h4 {½-½ Andriasian,Z (2580)-Ter Sahakyan,S (2605) 83rd ch-ARM HL 2023 (3.1)}) ({RR} 11... Bc4 12. Bxc4 Rxc4 13. Qd3 Qc7 14. Nf3 O-O {0-1 Kopylov,D (2326)-Donchenko,A (2602) Maastricht Limburg op 14th 2022 (3)}) 12. cxb3 O-O 13. h3 b5 14. a3 h6 15. Nf3 Nc5 16. Bxc5 Rxc5 17. b4 Rc4 18. Re1 Qd7 19. Qe2 Rfc8 20. Rad1 Qe6 21. Nh2 Bd8 22. Ng4 Nxg4 23. Qxg4 R8c6 24. Re2 Bb6 25. Red2 Rd4 26. g3 g6 27. Kg2 Kg7 28. Qf3 Qb3 29. g4 Rxd2 30. Rxd2 Bd4 31. Ne2 Qxf3+ 32. Kxf3 Bb6 33. Nc3 Kf6 34. Rd3 Ke6 35. Ke2 Rc4 36. Rf3 Bd8 37. Rd3 Bb6 38. Rf3 Bd8 39. Rd3 Bb6 40. Rf3 1/2-1/2

[Event "45th Olympiad 2024"]
[Site "Budapest HUN"]
[Date "2024.09.15"]
[Round "5.17"]
[Board "4"]
[White "Petkov, Momchil"]
[Black "Gretarsson, Helgi Ass"]
[Result "0-1"]
[WhiteElo "2540"]
[BlackElo "2450"]
[PlyCount "102"]
[EventDate "2024.09.11"]
[WhiteTeam "Bulgaria"]
[BlackTeam "Iceland"]
[WhiteTeamCountry "BUL"]
[BlackTeamCountry "ISL"]

1. d4 d5 2. c4 c6 3. Nf3 Nf6 4. Nc3 dxc4 5. e4 b5 6. Be2 e6 7. O-O Bb7 8. Rb1 Qc7 ({RR} 8... Nbd7 9. b3 Bb4 10. Qc2 O-O 11. e5 Bxc3 12. exf6 b4 13. fxg7 Kxg7 14. bxc4 c5 15. d5 exd5 16. Qf5 h6 17. Bd3 Rh8 18. cxd5 Nf6 19. Bc4 Qd7 20. Qf4 Qg4 21. d6 Rad8 22. Qxg4+ Nxg4 23. Bf4 {½-½ Dubov,D (2700)-Inarkiev,E (2693) Moscow Chess for TV 2019 (1.1)}) 9. a3 Nbd7 $146 ({RR} 9... a5 10. a4 b4 11. e5 Nfd7 12. Ne4 c5 13. Ned2 cxd4 14. Nxc4 Nc6 15. Bf4 Bc5 16. Rc1 O-O 17. Bd3 Be7 18. Nd6 g6 19. Nxd4 Bxd6 20. exd6 Qb6 21. Nb5 Nd4 22. Rc7 Bc6 23. Be3 e5 24. f4 {1-0 Aravindh,C (2671)-Srihari,L (2491) Dubai Police Open A 2024 (2.4)}) 10. b3 cxb3 11. Qxb3 a6 12. Rd1 h6 13. Bd2 c5 14. d5 e5 15. Bxb5 axb5 16. Nxb5 Qb8 17. d6 Bxd6 18. Nxd6+ Qxd6 19. Qxb7 Rb8 20. Qxb8+ Nxb8 21. Bc3 Qxd1+ 22. Rxd1 Nxe4 23. Bxe5 O-O 24. Nd2 Rd8 25. Rb1 Rxd2 26. Rxb8+ Kh7 27. h3 Rxf2 28. Rb1 Rf5 29. Bb2 c4 30. Rc1 Rc5 31. Bd4 Rc6 32. a4 c3 33. Be3 Nf6 34. a5 Nd5 35. Kf2 Rf6+ 36. Ke2 Re6 37. Kd3 Nxe3 38. Rxc3 Nxg2 39. Kc4 Ne3+ 40. Kb5 Nf5 41. a6 Nd4+ 42. Ka5 Re1 43. Rc4 Ra1+ 44. Kb6 Rb1+ 45. Kc5 Ne6+ 46. Kc6 Rb8 47. a7 Nd8+ 48. Kc5 Ra8 49. Kb6 g5 50. Rc5 Kg6 51. Rd5 f6 0-1

[Event "45th Olympiad 2024"]
[Site "Budapest HUN"]
[Date "2024.09.15"]
[Round "5.18"]
[Board "1"]
[White "Banusz, Tamas"]
[Black "Henriquez Villagra, Cristobal"]
[Result "0-1"]
[WhiteElo "2605"]
[BlackElo "2604"]
[PlyCount "82"]
[EventDate "2024.09.11"]
[WhiteTeam "Hungary B"]
[BlackTeam "Chile"]
[BlackTeamCountry "CHI"]

1. Nf3 d5 2. g3 Nd7 3. d4 Nb6 4. Nc3 Nf6 5. Bg2 g6 6. O-O Bg7 7. a4 a5 8. Re1 ({RR} 8. b3 O-O 9. e3 c6 10. Ba3 Re8 11. Ne2 Nfd7 12. Rc1 e5 13. dxe5 Nxe5 14. Nfd4 Qc7 15. h3 Bd7 16. Bc5 Rad8 17. c3 Bc8 18. Ba3 Ned7 19. Nf4 Nf6 20. Qc2 Ne4 21. Rfd1 Qe5 22. c4 dxc4 {1-0 Atwell,R (2208)-Sathish,P (2337) 1000GM Labor Super Swiss 2024 (5.11)}) 8... Ne4 9. Qd3 f5 $146 ({RR} 9... Bf5 10. Qb5+ c6 11. Qb3 O-O 12. Bf4 Re8 13. Rad1 Nxc3 14. bxc3 Be4 15. Bh3 Bxf3 16. exf3 e6 17. Rb1 Nc4 18. Qxb7 c5 19. dxc5 Bxc3 20. c6 Bxe1 21. Rxe1 g5 22. Bc7 Qe7 23. f4 Rac8 24. Be5 {½-½ Tadic,B (2436)-Zylka,S (2415) Caissa Hotel Iris Gp 2023 (7.2)}) 10. Bf4 c6 11. h4 Nc4 12. b3 Ncd6 13. Ne5 O-O 14. Nxe4 fxe4 15. Qd2 Qb6 16. Rad1 Be6 17. Qc3 Rac8 18. Qc5 Qxc5 19. dxc5 Nf5 20. e3 Nh6 21. c4 Nf7 22. Nxf7 Rxf7 23. f3 dxc4 24. bxc4 h6 25. fxe4 Bg4 26. e5 Bxd1 27. Rxd1 e6 28. Be4 g5 29. hxg5 hxg5 30. Bxg5 Bxe5 31. Kg2 Rg7 32. Bf4 Bc7 33. Rb1 Bxf4 34. exf4 Rd8 35. Kf3 Rd4 36. Rc1 Rd2 37. Bc2 Rh2 38. Bb1 Rb2 39. Bc2 Kf8 40. g4 Rb4 41. Bd1 Rh7 0-1

[Event "45th Olympiad 2024"]
[Site "Budapest HUN"]
[Date "2024.09.15"]
[Round "5.70"]
[White "Salinas Herrera, Pablo"]
[Black "Prohaszka, Peter2"]
[Result "1-0"]
[WhiteElo "2479"]
[BlackElo "2542"]
[PlyCount "139"]
[EventDate "2024.09.11"]
[WhiteTeam "Chile"]
[BlackTeam "Hungary B"]
[WhiteTeamCountry "CHI"]

1. e4 e5 2. Nf3 Nc6 3. Nc3 Nf6 4. Bb5 Bc5 5. O-O O-O 6. Bxc6 dxc6 7. d3 Re8 ({RR} 7... Nd7 8. a4 a5 9. Be3 Bd6 10. Nd2 Re8 11. Kh1 Nf8 12. f4 exf4 13. Bxf4 Be6 14. Qh5 Ng6 15. Bxd6 cxd6 16. Ne2 d5 17. b3 Qh4 18. Qxh4 Nxh4 19. exd5 Bxd5 20. Nf4 Rad8 21. Rae1 Kf8 22. Kg1 {0-1 Grischuk,A (2745)-Fressinet,L (2626) Chessable Masters Play-In 2023 (3)}) 8. Kh1 $146 ({RR} 8. h3 h6 9. Kh1 b5 10. Ne2 Be6 11. Ng3 Qc8 12. Nh2 Qd7 13. f4 exf4 14. Bxf4 Rad8 15. Nh5 Nh7 16. Qf3 f5 17. Qg3 Kh8 18. Be5 Rg8 19. exf5 Bd5 20. Nf4 Bf7 21. Qh4 Rge8 22. Qxh6 Rxe5 {0-1 Mansurova,M (1743)-Haussernot,C (2108) Titled Tue 13th Aug Late 2024 (6)}) ({RR} 8. Be3 Bd6 9. Bg5 h6 10. Bh4 Bg4 11. h3 Bd7 12. Re1 c5 13. Nd5 g5 14. Bg3 c6 15. Ne3 Nh5 16. Nc4 Nxg3 17. fxg3 Bc7 18. Nh2 Re6 19. Ne3 Rf6 20. Qh5 Kg7 21. Rf1 Bb6 22. Kh1 Bc7 {1-0 Bulteau,S (1880)-Gauffriaud,C (1790) FRA-ch U16 Girls 2002 (5.4)}) ({RR} 8. Bg5 a6 9. h3 h6 10. Bh4 Qd6 11. Qd2 Nh5 12. Ne2 Qg6 13. Ng3 Nxg3 14. Bxg3 Qxg3 15. Kh1 Qg6 16. Rae1 Qh5 17. d4 exd4 18. Nxd4 Qe5 19. c3 Bd6 20. f4 Qh5 21. Nf5 Bxf5 22. exf5 Qxf5 {0-1 Mindt,F (1150)-Dyga,R (1579) Karl Mala Memorial op-B 16th 2013 (6)}) 8... Bg4 9. h3 Bh5 10. Be3 Nd7 11. g4 Bg6 12. Ne2 Bf8 13. Rg1 Nc5 14. Rg3 f6 15. Nh4 Ne6 16. Qd2 Bc5 17. Nf5 Kh8 18. Rag1 Rg8 19. Qc3 Qf8 20. Bxc5 Qxc5 21. Qxc5 Nxc5 22. f4 Ne6 23. fxe5 fxe5 24. Nh4 Rgf8 25. Nf3 Nf4 26. Nc3 Rae8 27. Rf1 Kg8 28. Kh2 Ne6 29. Rgg1 Nd4 30. Nxd4 exd4 31. Ne2 Rxf1 32. Rxf1 c5 33. b3 a5 34. Kg3 a4 35. h4 b6 36. h5 Bf7 37. Nf4 h6 38. Kh4 a3 39. Ne2 Be6 40. Ng3 Kh7 41. Nf5 b5 42. Kg3 Rd8 43. Kf4 Bf7 44. Rd1 Kg8 45. Rd2 Rd7 46. Re2 Kf8 47. Rf2 Kg8 48. Ke5 Kf8 49. Rg2 Rd8 50. Rd2 Kg8 51. Kf4 Kh7 52. Rh2 Be6 53. Rf2 Bf7 54. Kg3 Be6 55. Ne7 c4 56. Nc6 Rd6 57. Ne5 cxb3 58. cxb3 Ra6 59. Rf1 c5 60. Ng6 c4 61. Rf8 Bg8 62. bxc4 bxc4 63. dxc4 Ra5 64. e5 d3 65. Rd8 Rd5 66. Rxg8 Kxg8 67. Ne7+ Kf7 68. Nxd5 d2 69. Nc3 Ke6 70. Kf4 1-0

[Event "45th Olympiad 2024"]
[Site "Budapest HUN"]
[Date "2024.09.15"]
[Round "5.18"]
[Board "3"]
[White "Antal, Gergely"]
[Black "Vasquez Schroeder, Rodrigo"]
[Result "1/2-1/2"]
[WhiteElo "2544"]
[BlackElo "2457"]
[PlyCount "139"]
[EventDate "2024.09.11"]
[WhiteTeam "Hungary B"]
[BlackTeam "Chile"]
[BlackTeamCountry "CHI"]

1. e4 c5 2. Nf3 d6 3. Bb5+ Nd7 4. O-O a6 5. Be2 Ngf6 6. d3 g6 7. c4 Bg7 8. Nc3 O-O 9. d4 cxd4 10. Nxd4 e6 11. Be3 Qc7 12. Rc1 b6 13. f3 ({RR} 13. Qd2 Bb7 14. f3 Rfc8 15. Kh1 Bf8 16. Rfd1 Qb8 17. b3 Be7 18. Bf1 Bd8 19. Bg1 Bc7 20. Qe1 Re8 21. Qh4 Nh5 22. Nde2 Ne5 23. Bd4 Nc6 24. Be3 Ne5 25. Qf2 f5 26. Bxb6 fxe4 27. Nxe4 Bxe4 {1-0 Paravyan,D (2620)-De Winter,A (2440) Titled Tue 3rd Sep Early 2024 (3)}) 13... Bb7 14. b4 $146 ({RR} 14. Qd2 Rac8 15. Rfd1 Rfd8 16. Bh6 Bxh6 17. Qxh6 Re8 18. Bf1 Ne5 19. b3 Qe7 20. Qg5 Rc5 21. Qh4 Kh8 22. Nde2 Rcc8 23. Qf2 Ned7 24. Rd2 Red8 25. Rcd1 Ne8 26. Na4 b5 27. cxb5 axb5 28. Nb6 Nxb6 {0-1 Arjun,K (2537)-Aryan,C (2585) Chess Super League 2021 (5.3)}) 14... Rac8 15. Nb3 Qb8 16. Qe1 d5 17. exd5 exd5 18. c5 Rfe8 19. Qf2 bxc5 20. bxc5 Qc7 21. Bd4 Re6 22. Rfd1 Rce8 23. Bf1 Bh6 24. Rc2 Ne5 25. g3 Nc4 26. Re2 Rxe2 27. Bxe2 Qe7 28. Bxc4 dxc4 29. Na5 Ba8 30. Nxc4 Ng4 31. Qf1 Ne3 32. Nxe3 Bxe3+ 33. Kg2 Bxd4 34. Rxd4 Qe3 35. Rd3 Qxc5 36. Qd1 Kg7 37. Qd2 Qe5 38. Qf2 g5 39. h3 h5 40. Qd4 Qxd4 41. Rxd4 Re3 42. Ne4 g4 43. hxg4 hxg4 44. Nd2 Re2+ 45. Kf1 gxf3 46. Rd3 Rg2 47. a3 Bc6 48. a4 Rxg3 49. Rd4 Rg6 50. Kf2 Kf8 51. Kf1 Ke7 52. Rf4 Ke6 53. Nb3 Rg5 54. Kf2 f6 55. Ke3 Kf7 56. Nd4 Bxa4 57. Nxf3 Ra5 58. Nd2 Re5+ 59. Ne4 Ke7 60. Rxf6 Bc2 61. Rf4 Rd5 62. Rf2 Bb3 63. Rd2 Ra5 64. Kd4 Bd5 65. Nc5 Kd6 66. Rh2 Bc6 67. Rh6+ Kc7 68. Rh7+ Kb6 69. Nd7+ Bxd7 70. Rxd7 1/2-1/2

[Event "45th Olympiad 2024"]
[Site "Budapest HUN"]
[Date "2024.09.15"]
[Round "5.18"]
[Board "4"]
[White "Lopez Silva, Hugo"]
[Black "Papp, Gabor1"]
[Result "0-1"]
[WhiteElo "2379"]
[BlackElo "2550"]
[PlyCount "102"]
[EventDate "2024.09.11"]
[WhiteTeam "Chile"]
[BlackTeam "Hungary B"]
[WhiteTeamCountry "CHI"]

1. e4 c5 2. Nf3 Nc6 3. d4 cxd4 4. Nxd4 Nf6 5. Nc3 e5 6. Ndb5 d6 7. Bg5 a6 8. Na3 b5 9. Nd5 Be7 10. Bxf6 Bxf6 11. c4 b4 12. Nc2 a5 13. g3 g6 14. h4 Bg7 15. h5 ({RR} 15. Bh3 Bb7 16. Qd3 O-O 17. O-O Rb8 18. Rfd1 Ba8 19. b3 Re8 20. Bg2 Nd4 21. Nxd4 exd4 22. Nf4 Rb7 23. a3 Qb8 24. Rdb1 Rbe7 25. axb4 Qxb4 26. Qd1 Bc6 27. Nd3 Qb6 28. Qd2 Ra7 29. Ra3 h5 {½-½ Fernandez Guillen,E (2474)-Baklan,V (2531) 3rd Sunway Formentera Op 2024 (3.4)}) 15... O-O 16. Bh3 Be6 17. Kf1 a4 $146 ({RR} 17... Ra7 18. Kg2 Qg5 19. hxg6 hxg6 20. Bxe6 fxe6 21. Nde3 Nd4 22. Nxd4 exd4 23. Ng4 Raf7 24. Rf1 Be5 25. f3 Bg7 26. Qd3 a4 27. Rad1 Rb8 28. b3 Ra8 29. Qd2 Qxd2+ 30. Rxd2 axb3 31. axb3 Rfa7 32. f4 {1-0 Abreu Delgado,A (2465)-Zambrana,O (2427) Capablanca Memorial op 41st 2006 (9)}) 18. Kg2 b3 19. axb3 axb3 20. Nce3 Bxh3+ 21. Rxh3 Ra2 22. hxg6 fxg6 23. Rb1 Nd4 24. Qg4 Rf7 25. f4 Qa5 26. Qd1 exf4 27. gxf4 Ne6 28. Qxb3 Qd2+ 29. Kh1 Rxb2 30. Rxb2 Bxb2 31. Qd1 Qxd1+ 32. Nxd1 Bc1 33. f5 Ng5 34. Rh4 gxf5 35. exf5 Kg7 36. N1e3 Bxe3 37. Nxe3 Ra7 38. Kg2 Kf6 39. Rd4 Ke5 40. Rd5+ Kf4 41. Nd1 Ne4 42. f6 Rd7 43. Rd4 Ke5 44. Rd5+ Ke6 45. Ne3 Nxf6 46. Ra5 Rc7 47. Kf3 Rf7 48. Rf5 Ra7 49. Rb5 Ra3 50. Kf4 Rc3 51. Rf5 Rxe3 0-1

[Event "45th Olympiad 2024"]
[Site "Budapest HUN"]
[Date "2024.09.15"]
[Round "5.19"]
[Board "1"]
[White "Fedoseev, Vladimir3"]
[Black "Sadorra, Julio Catalino"]
[Result "0-1"]
[WhiteElo "2692"]
[BlackElo "2542"]
[PlyCount "106"]
[EventDate "2024.09.11"]
[WhiteTeam "Slovenia"]
[BlackTeam "Philippines"]
[WhiteTeamCountry "SLO"]
[BlackTeamCountry "PHI"]

1. d4 d5 2. c4 e6 3. Nc3 Nf6 4. Bg5 c6 5. e3 Nbd7 6. Nf3 Qa5 7. Nd2 Bb4 8. Qc2 dxc4 9. Bxf6 Nxf6 10. Nxc4 Qc7 11. Bd3 O-O 12. O-O Be7 ({RR} 12... h6 13. Ne5 Bd6 14. f4 a6 15. Ne4 Nd5 16. Qf2 Be7 17. Rac1 f5 18. Nc5 Bf6 19. Ng6 Rd8 20. Nb3 a5 21. Rfe1 Bd7 22. Nc5 b6 23. Nxd7 Rxd7 24. Ne5 Rd6 25. Bb5 Ne7 26. Rc2 Qb7 27. Be2 {1-0 Kukhmazov,A (2498)-Harikrishnan,A (2454) Titled Tue 7th Nov Early 2023 (5)}) ({RR} 12... b6 13. Rac1 Bxc3 14. Qxc3 Bb7 15. Nd2 Rfd8 16. Nf3 Rac8 17. Rfd1 Qe7 18. Be2 h6 19. h3 Ne4 20. Qb3 c5 21. dxc5 Nxc5 22. Qa3 a5 23. Nd4 e5 24. Nb5 Qg5 25. Bf1 Ne4 26. Rxc8 Rxc8 27. Nd6 {0-1 Vshivkov,K (2315)-Waldhausen Gordon,F (2342) Titled Tue 6th Aug Early 2024 (1)}) 13. Rac1 c5 14. dxc5 $146 ({RR} 14. Nb5 Qd8 15. dxc5 Bxc5 16. Rfd1 Qe7 17. Ne5 Bb6 18. Nd6 Bd7 19. Nxb7 Rac8 20. Qd2 Ba4 21. Nd6 Rc5 22. b3 Rxe5 23. Nc4 Rd5 24. Nxb6 axb6 25. bxa4 Rfd8 26. Qc2 Rc5 27. Qb3 Rxc1 28. Rxc1 Qd6 {½-½ Grahl,A (2148)-Koehler,I (1983) Oberliga Nord N 2122 2021 (3.5)}) 14... Qxc5 15. Ne4 Qh5 16. Rfd1 b6 17. Be2 Qh4 18. Bf3 Rb8 19. g3 Qh3 20. Ne5 Qf5 21. Nc6 Qxf3 22. Nd2 Qh5 23. Nxb8 Bb7 24. Qc7 Ng4 25. h4 Bxh4 26. Qxb7 Bxg3 27. Qh1 Bxf2+ 28. Kg2 Bh4 29. Nf1 Qg5 30. Nd7 Nf2+ 31. Kh2 Nxh1 32. Nxf8 Kxf8 33. Kxh1 g6 34. Rd2 Qf5 35. Kg1 Qe5 36. Rc4 Bg5 37. Kf2 Kg7 38. b3 h5 39. Rd7 Qb2+ 40. Nd2 Qe5 41. Nf1 Qf5+ 42. Ke2 Qh3 43. Kf2 Qh1 44. Ke2 b5 45. Rc1 Qg2+ 46. Kd3 h4 47. Nd2 Qf2 48. Rf1 Qxe3+ 49. Kc2 Bf4 50. b4 g5 51. Rf3 Qe2 52. a3 e5 53. Rc3 e4 0-1

[Event "45th Olympiad 2024"]
[Site "Budapest HUN"]
[Date "2024.09.15"]
[Round "5.19"]
[Board "2"]
[White "Quizon, Daniel"]
[Black "Demchenko, Anton"]
[Result "1/2-1/2"]
[WhiteElo "2490"]
[BlackElo "2597"]
[PlyCount "166"]
[EventDate "2024.09.11"]
[WhiteTeam "Philippines"]
[BlackTeam "Slovenia"]
[WhiteTeamCountry "PHI"]
[BlackTeamCountry "SLO"]

1. e4 e5 2. Nf3 Nc6 3. Bb5 a6 4. Ba4 Nf6 5. d3 d6 6. c3 g6 7. O-O Bg7 8. Nbd2 O-O 9. Re1 h6 10. Nf1 ({RR} 10. h3 Re8 11. Nf1 b5 12. Bc2 d5 13. Bd2 Bb7 14. Ng3 dxe4 15. dxe4 Nb8 16. a4 Nbd7 17. Qe2 Rb8 18. b4 c5 19. axb5 axb5 20. Ra5 Bc6 21. Rea1 Bf8 22. Ra7 Qc8 23. Bb3 c4 24. Bc2 Ra8 {½-½ Efimenko,Z (2706)-Berkes,F (2696) FIDE World Cup 2011 (2.1)}) 10... Nh7 11. d4 $146 ({RR} 11. Ng3 h5 12. h3 h4 13. Nf1 f5 14. d4 Qe7 15. exf5 gxf5 16. Bxc6 bxc6 17. dxe5 d5 18. Bf4 Be6 19. Qd2 Rab8 20. N1h2 c5 21. Ng5 Nxg5 22. Bxg5 Qf7 23. f4 Qd7 24. Nf3 Qb5 25. b3 Rf7 {1-0 Montesinos Diaz,L (1816)-Garrido Diaz,J (2075) ESP-ch U16 Salobrena 2021 (2)}) ({RR} 11. Ng3 Bd7 12. Bd2 f5 13. exf5 gxf5 14. Nh5 Be8 15. Nxg7 Kxg7 16. c4 Bh5 17. Bc3 Rf6 18. Qd2 Bxf3 19. gxf3 Rg6+ 20. Kh1 Qh4 21. Rg1 Ng5 22. Rg3 Nd4 23. Bd1 Kh7 24. Be2 Rag8 25. Rag1 f4 {0-1 Cederstam,C (2263)-Falkevall,A (2325) Uppsala Weekend Gp1 2024 (5.1)}) ({RR} 11. Bxc6 bxc6 12. d4 exd4 13. cxd4 Rb8 14. h3 Re8 15. Qc2 Ng5 16. N1d2 Ne6 17. Nb3 Bd7 18. Bd2 Rb5 19. Rac1 Qb8 20. Qd3 Qb7 21. Bc3 Rh5 22. Qd2 Ng5 23. Nxg5 hxg5 24. Qd3 Qc8 25. Nd2 g4 {½-½ Setkauskas,V (2252)-Martinkus,R (2158) LTU-ch sf Vilnius 2016 (3)}) 11... exd4 12. Nxd4 Bd7 13. Nxc6 Bxc6 14. Bxc6 bxc6 15. Qa4 Qd7 16. Be3 Rfb8 17. Re2 Nf8 18. Bd4 c5 19. Qxd7 Nxd7 20. Bxg7 Kxg7 21. Ne3 a5 22. a4 Nb6 23. Nd5 Rb7 24. Nxb6 Rxb6 25. Rd1 Re8 26. Rdd2 f5 27. exf5 Rxe2 28. Rxe2 gxf5 29. f4 Kf6 30. Rd2 Rb8 31. Kf2 h5 32. g3 Ke6 33. h3 d5 34. g4 hxg4 35. hxg4 fxg4 36. Kg3 Rg8 37. Re2+ Kf6 38. Re5 c6 39. Rh5 c4 40. Rh2 Kf5 41. Re2 Kf6 42. Rh2 Kf5 43. Re2 Rh8 44. Re5+ Kf6 45. Re2 c5 46. Re5 d4 47. cxd4 cxd4 48. Rd5 d3 49. Kxg4 Rh1 50. Kf3 Re1 51. Rd4 Ke6 52. Rd8 Rb1 53. Rd4 Rxb2 54. Rxc4 Kd5 55. Rc8 Re2 56. f5 Kd4 57. Rd8+ Kc4 58. f6 Re6 59. f7 Rf6+ 60. Ke3 Rxf7 61. Rd4+ Kb3 62. Kxd3 Rf3+ 63. Kd2 Rf2+ 64. Kd3 Rf1 65. Kd2 Rf2+ 66. Kd3 Ra2 67. Rh4 Ra3 68. Kd2 Kb2 69. Rg4 Ra2 70. Kd3 Kb3 71. Rh4 Rg2 72. Rf4 Rg5 73. Rd4 Rc5 74. Rh4 Rd5+ 75. Rd4 Rxd4+ 76. Kxd4 Kxa4 77. Kc3 Ka3 78. Kc2 Ka2 79. Kc1 a4 80. Kc2 a3 81. Kc1 Kb3 82. Kb1 a2+ 83. Ka1 Ka3 1/2-1/2

[Event "45th Olympiad 2024"]
[Site "Budapest HUN"]
[Date "2024.09.15"]
[Round "5.19"]
[Board "3"]
[White "Subelj, Jan"]
[Black "Bersamina, Paulo"]
[Result "1/2-1/2"]
[WhiteElo "2498"]
[BlackElo "2425"]
[PlyCount "61"]
[EventDate "2024.09.11"]
[WhiteTeam "Slovenia"]
[BlackTeam "Philippines"]
[WhiteTeamCountry "SLO"]
[BlackTeamCountry "PHI"]

1. e4 d5 2. exd5 Qxd5 3. Nc3 Qa5 4. d4 Nf6 5. Bc4 Bf5 6. Nf3 e6 7. O-O c6 8. Nh4 Bg6 9. h3 $146 ({RR} 9. Nxg6 hxg6 10. Re1 Nbd7 11. Bf4 Bb4 12. Qf3 Qh5 13. Qg3 Nb6 14. Be2 Qa5 15. Be5 O-O-O 16. Bf3 Nc4 17. Re2 Nxe5 18. dxe5 Bxc3 19. bxc3 Qxc3 20. Rb1 Nh5 21. Qg5 Rd7 22. h4 Rhd8 23. Re3 Qxc2 {1-0 Sale,S (2410)-Rukavina,J (2430) CRO-chT Porec 1998 (4)}) ({RR} 9. Qe2 Be7 10. h3 Nd5 11. Nxg6 hxg6 12. Ne4 Nd7 13. c3 Qc7 14. Re1 N7f6 15. Nc5 Bxc5 16. dxc5 O-O 17. Qc2 e5 18. Bg5 Rfe8 19. Rad1 Rad8 20. Rd2 Rd7 21. b4 a6 22. a4 Kf8 23. Red1 Red8 {1-0 Pranesh,M (2505)-Sahoo,U (2360) 5th Yerevan Open A 2023 (5.3)}) ({RR} 9. Nxg6 hxg6 10. Bf4 Nbd7 11. h3 Nb6 12. Bd3 O-O-O 13. Ne2 Nbd5 14. Bd2 Qc7 15. c4 Nb4 16. Bxb4 Bxb4 17. c5 Ng4 18. Ng3 Nxf2 19. Rxf2 Qxg3 20. Rf3 Qh4 21. Qb3 Qxd4+ 22. Kh1 Rd5 23. a3 Bxc5 {0-1 Radovanovic,B-Freienstein,F Zuerich op-A 21th 1997}) ({RR} 9. Bf4 Nbd7 10. a3 Qd8 11. Re1 Nb6 12. Bb3 Bd6 13. Be5 Qe7 14. f4 O-O-O 15. Qf3 Nh5 16. f5 Qxh4 17. fxg6 Bxe5 18. dxe5 hxg6 19. Re4 Qe7 20. g4 Nd7 21. gxh5 Rxh5 22. Rae1 Rdh8 23. Qg3 Rg5 {1-0 Scheibe,A (1423)-Lieber,P (1461) Sachsen-ch U16 2007 (5)}) 9... Be7 10. Nxg6 hxg6 11. Bf4 Nbd7 12. Re1 O-O 13. Qd2 Bb4 14. a3 Bxc3 15. Qxc3 Qxc3 16. bxc3 Nd5 17. Bd2 b5 18. Bd3 N7b6 19. a4 Nc4 20. Bxc4 bxc4 21. a5 c5 22. Re4 Rfc8 23. Ra4 f5 24. Rxe6 cxd4 25. Rd6 dxc3 26. Rxd5 cxd2 27. Rxd2 Rab8 28. Rd4 Rb5 29. Raxc4 Rxc4 30. Rxc4 Rxa5 31. Rc7 1/2-1/2

[Event "45th Olympiad 2024"]
[Site "Budapest HUN"]
[Date "2024.09.15"]
[Round "5.19"]
[Board "4"]
[White "Garcia, Jan Emmanuel"]
[Black "Sebenik, Matej"]
[Result "1/2-1/2"]
[WhiteElo "2380"]
[BlackElo "2515"]
[PlyCount "61"]
[EventDate "2024.09.11"]
[WhiteTeam "Philippines"]
[BlackTeam "Slovenia"]
[WhiteTeamCountry "PHI"]
[BlackTeamCountry "SLO"]

1. Nf3 {Let's Check} d5 2. d4 e6 3. c4 c5 4. cxd5 exd5 5. g3 Nf6 6. Bg2 Nc6 7. O-O Be7 8. Nc3 O-O 9. dxc5 Bxc5 10. Na4 Be7 11. Be3 Re8 12. Rc1 Bg4 13. Nc5 Qb6 ({RR} 13... Bxc5 14. Bxc5 Qa5 15. Qb3 Qa6 16. Rfe1 Rad8 17. h3 Bh5 18. Qa3 Qxa3 19. Bxa3 Bxf3 20. Bxf3 Nd4 21. Kg2 Nxf3 22. Kxf3 Rc8 23. Red1 Rc6 24. Bc5 Rec8 25. Be3 a6 26. g4 h6 27. Rxc6 bxc6 28. Rc1 {1-0 Grachev,B (2693)-Halkias,S (2593) Zuerich op-A 35th 2011 (5)}) 14. Nb3 ({RR} 14. Ne6 Qa5 15. Bd2 Qb6 16. Be3 Qa5 17. Bd2 Qb6 18. Be3 Qa5 {½-½ Szabo,B (2343)-Csonka,A (2297) TCh-HUN 2023-24 (2.7)}) 14... Qa6 15. a3 h6 $146 ({RR} 15... Rac8 16. Re1 h6 17. h3 Bf5 18. g4 Be4 19. Qd2 b6 20. Bf4 Bf8 21. Nh4 g5 22. Bxg5 hxg5 23. Qxg5+ Bg7 24. f3 Bh7 25. Rxc6 Rxc6 26. Nd4 Ne4 27. fxe4 Rg6 28. Nxg6 Bxg6 29. Qxd5 Qc8 30. Nf5 {1-0 Hoeffer,D (2265)-Asendorf,J (2272) Oberliga Nord W 1415 2014 (2.4)}) ({RR} 15... Rac8 16. Re1 h6 17. h3 Bf5 18. Bc5 Be4 19. e3 Bxc5 20. Nxc5 Qb6 21. b4 a5 22. bxa5 {½-½ Reinderman,D (2598)-Swinkels,R (2485) NED-ch Amsterdam 2012 (5)}) ({RR} 15... Rac8 16. Re1 Na5 17. Nxa5 Qxa5 18. Nd4 Rxc1 19. Qxc1 Rc8 20. Qb1 Bf8 21. Rc1 a6 22. h3 Bd7 23. Rxc8 Bxc8 24. Qc1 Qc5 25. Qxc5 Bxc5 26. Nc2 b6 27. b4 Bxe3 28. Nxe3 Be6 29. f4 Kf8 30. g4 {½-½ Lagno,K (2557)-Harika,D (2516) Tata Steel-B 74th 2012 (6)}) 16. Qd3 Qxd3 17. exd3 Bf5 18. Rc3 Rac8 19. Rfc1 Ng4 20. Bd4 Nxd4 21. Nfxd4 Rxc3 22. Rxc3 Bg6 23. Bxd5 Bf6 24. Bxb7 Rd8 25. Rc8 Rxc8 26. Bxc8 Ne5 27. Nb5 Nf3+ 28. Kg2 Ne1+ 29. Kg1 Nf3+ 30. Kg2 Ne1+ 31. Kg1 1/2-1/2

[Event "45th Olympiad 2024"]
[Site "Budapest HUN"]
[Date "2024.09.15"]
[Round "5.20"]
[Board "1"]
[White "Brkic, Ante"]
[Black "Maksimovic, Bojan"]
[Result "1-0"]
[WhiteElo "2642"]
[BlackElo "2503"]
[PlyCount "83"]
[EventDate "2024.09.11"]
[WhiteTeam "Croatia"]
[BlackTeam "Bosnia & Herzegovina"]
[WhiteTeamCountry "CRO"]
[BlackTeamCountry "BIH"]

1. e4 c5 2. Nf3 e6 3. d4 cxd4 4. Nxd4 a6 5. c4 Nf6 6. Nc3 Qc7 7. a3 b6 8. f4 Bb7 9. Bd3 Nc6 10. Nxc6 Qxc6 11. Qe2 Bc5 12. Be3 Bxe3 13. Qxe3 Qc5 14. Qxc5 bxc5 15. e5 Ng4 16. O-O Rb8 17. Rae1 h5 $146 ({RR} 17... Nh6 18. Re2 Ke7 19. Be4 Rhc8 20. Bxb7 Rxb7 21. Ne4 Rc6 22. Rd1 Nf5 23. g4 Nh4 24. Rd3 Rcb6 25. Kf2 Rxb2 26. Rxb2 Rxb2+ 27. Kg3 Ng6 28. Nxc5 Rc2 29. Rxd7+ Ke8 30. Ra7 Rc3+ 31. Kf2 Rxc4 32. Nb7 {½-½ Rohit,S (2311)-Manafov,V (2441) 30th Abu Dhabi Masters 2024 (3.60)}) 18. Re2 Ke7 19. h3 Nh6 20. Na4 Rhc8 21. f5 Ba8 22. f6+ Kf8 23. Rf4 Rc7 24. fxg7+ Kxg7 25. Rh4 Rb3 26. Rd2 Nf5 27. Bxf5 exf5 28. Rxh5 Kg6 29. Rh8 Be4 30. Kf2 Rd3 31. Rxd3 Bxd3 32. b3 f4 33. Kf3 Bc2 34. Kxf4 Bxb3 35. Nb6 Rb7 36. Nd5 f6 37. exf6 Bxc4 38. Rg8+ Kf7 39. Rg7+ Kf8 40. Ne7 Rb2 41. g4 Bf7 42. Rh7 1-0